000 00362nam a2200145Ia 4500
008 230917s9999||||xx |||||||||||||| ||und||
040 _e75971
_aMAIN
041 _aEnglish
082 _a658.15 M426F
100 _aMathur, Iqbal
245 0 _aIntroduction to financial management
260 _aNew York
_bMacmillan
_c1979
300 _axx, 524 p.
942 _cBK
999 _c225055
_d225055